00686nam a2200181 a 450000100100000000500170001000800410002702000180006804000250008608200150011124501290012625000110025526000370026630000210030370000500032495201130037499900170048700004081820201002034413.0130906s2005 sp 000 0 spa d a9788476987445 aDO-SdBNPbspacBNPHU axxxxbxxxx00aPrácticas de derecho internacional público /cprólogo Victoria Abellán Honrubia ; Jaume Saura Estapá coordinadora. a3a ed. aEspaña, :bJ. M. Bosch,c2005. a782 p. ;c24 cm.1 aAbellán Honrubia, Victoria,epról.967237 001050718MOaGRbGRcHDd2013-09-06iLF1l0oxxxx xxxxp40818-10r2020-06-25w2020-06-25y1ZNo se presta c40308d40308